| 000 | 00503cam a2200205 a 4500 | ||
|---|---|---|---|
| 001 | 2841556 | ||
| 005 | 20180214033303.0 | ||
| 008 | 840629s1984 nyua 001 0 eng | ||
| 010 | _a 84013647 | ||
| 020 | _a0029295203 | ||
| 040 |
_aDLC _cDLC _dDLC |
||
| 041 | _aeng | ||
| 080 | _a658.4012 SLO | ||
| 082 | 0 | 0 |
_a658.4012 SLO _219 |
| 100 | 1 | _a54 | |
| 101 | _aLID | ||
| 245 | 1 | 0 |
_aNo-nonsense planning / _cRichard S. Sloma. |
| 906 |
_a7 _bcbc _corignew _d1 _eocip _f19 _gy-gencatlg |
||
| 942 |
_2ddc _cBK |
||
| 999 |
_c42445 _d42445 |
||